000 00605nam a2200241Ia 4500
005 20250425162350.0
008 250425s9999 xx 000 0 und d
020 _a0131547283
041 _aeng
082 _a552.5
100 _aBOGGS MATTHEWS, CAROLE
245 0 _aPRINCIPLES OF SEDIMENTOLOGY AND STRATIGRAPHY
250 _a4TH ED.
260 _aEstados Unidos
_bPEARSON EDUCATION
_c2006
260 _aUPPER SADDLE RIVER
300 _a662
650 _aESTRATIGRAFIA
650 _aGEOLOGIA
650 _aROCAS SEDIMENTARIAS
650 _aSEDIMENTACION
942 _c01
010 _a66335
999 _c227774
_d227774